Estatísticas para Cultura Geral

Clique aqui para jogar o quiz

Estatísticas Gerais

  • Esse quiz foi jogado 14 vezes
  • A pontuação média é 9 de 15

Estatísticas das Respostas

HintResposta% Correto
Qual é o primeiro dia da semana?Domingo
100%
Qual é o masculino de galinha?Galo
100%
Que órgão muscular está relacionado ao sentido do paladarLíngua
100%
Qual é a estação mais quente do ano?Verão
100%
Sundae é uma sobremesa típica de que país?Estados Unidos
83%
Que doce típico português é obtido através do marmelo?Marmelada
83%
O Mochi é típico de que país?Japão
75%
Que nome damos a uma narrativa fantasiosa transmitida pela tradição oral através dos tempos?Lenda
50%
Que nome damos a um conjunto de sintomas fisiológicos e psicológicos desagradáveis que se manifesta após a ingestão excessiva de bebidas alcoólicas?Ressaca
50%
Que nome damos ao período de tempo entre 1 de janeiro de 1970 e 31 de dezembro de 1979?Anos 70
42%
Em que país podemos encontrar a cidade de Gwangju?Coreia do Sul
42%
Que nome damos á condição médica em que se verificam pelo menos três movimentos intestinais aquosos ou pouco consistentes por dia?Diarreia
33%
Que aparelho de meteorologia é usado para recolher e medir, em milímetros lineares, a quantidade de líquidos ou sólidos (chuva, neve, granizo) precipitados durante um determinado tempo e local?Pluviómetro
33%
Caril de amendoim é um prato típico de que país?Moçambique
25%
O Chakrey é um doce típico de que país?República do Congo
25%

Distribuição das Pontuações

Percentil de Números Respondidos

Porcentagem de Pessoas com Cada Pontuação

Sua Pontuação Histórica

Você não jogou esse quiz